000 00471nam a22001937a 4500
003 MPLRDC
005 20220104143819.0
008 210129b ||||| |||| 00| 0 eng d
020 _a983-40486-0-2
082 _a220.7 XYDS-9 v.2
100 _a星云大师
245 _a佛光菜根谭. 二
_c
250 _a初版
260 _a
_b马佛光文化事业
_c2000
300 _b
490 _a佛光. BLIA
650 _a佛教杂论
942 _cBK
_o220.7 XYDS-9 v.2
999 _c43599
_d43589